Introduction to the Mathematical Theory of Systems and Control (E-BOOK) (Record no. 196691)
[ view plain ]
| 000 -LEADER | |
|---|---|
| fixed length control field | 00808 a2200157 4500 |
| 003 - CONTROL NUMBER IDENTIFIER | |
| control field | Nust |
| 005 - DATE AND TIME OF LATEST TRANSACTION | |
| control field | 20170207154319.0 |
| 040 ## - CATALOGING SOURCE | |
| Transcribing agency | Nust |
| 082 ## - DEWEY DECIMAL CLASSIFICATION NUMBER | |
| Classification number | 511 |
| 100 ## - MAIN ENTRY--PERSONAL NAME | |
| Personal name | Willems,C.Jan |
| 245 ## - TITLE STATEMENT | |
| Title | Introduction to the Mathematical Theory of Systems and Control (E-BOOK) |
| Remainder of title | Systems and Control |
| Statement of responsibility, etc. | Jan C. Willems |
| 260 ## - PUBLICATION, DISTRIBUTION, ETC. | |
| Place of publication, distribution, etc. | New York |
| Name of publisher, distributor, etc. | Spring |
| Date of publication, distribution, etc. | 2005 |
| 300 ## - PHYSICAL DESCRIPTION | |
| Extent | 458 p; |
| 505 ## - FORMATTED CONTENTS NOTE | |
| Formatted contents note | Dynamical Systems (Page-1) Systems Defined by Linear Differential Equations (Page-27) Time Domain Description of Linear Systems (Page-67) State Space Models (Page-119) Controllability and Observability (Page-155) Elimination of Latent Variables and State Space Represen-tations (Page-205) Stability Theory (Page-247) Pole Placement by State Feedback (Page-317) Observers and Dynamic Compensators (Page-347) |
| 650 ## - SUBJECT ADDED ENTRY--TOPICAL TERM | |
| Topical term or geographic name entry element | Matematical |
| 942 ## - ADDED ENTRY ELEMENTS (KOHA) | |
| Source of classification or shelving scheme | |
| Koha item type | Book |
| Withdrawn status | Lost status | Source of classification or shelving scheme | Damaged status | Not for loan | Collection code | Permanent Location | Current Location | Date acquired | Total Checkouts | Full call number | Barcode | Date last seen | Price effective from | Koha item type |
|---|---|---|---|---|---|---|---|---|---|---|---|---|---|---|
| Military College of Signals (MCS) | Military College of Signals (MCS) | 12/12/2016 | 511 WIL | MCSEB-3042 | 12/08/2016 | 12/12/2016 | Book |
